[Event "Schachbundesliga 2013/2014"]
[Site "?"]
[Date "2014.03.15"]
[Round "11.3"]
[White "Ernst, Sipke"]
[Black "Naiditsch, Arkadij"]
[Result "0-1"]
[WhiteElo "2573"]
[BlackElo "2724"]
[PlyCount "88"]
[EventDate "2014.??.??"]
[WhiteClock "0:42:57"]
[BlackClock "0:46:05"]

1. d4 Nf6 2. c4 e6 3. Nc3 d5 4. Bg5 Be7 5. Nf3 O-O 6. e3 h6 7. Bxf6 Bxf6 8. Qb3
c6 9. Rd1 Na6 10. e4 dxe4 11. Nxe4 Qa5+ 12. Rd2 Be7 13. Be2 c5 14. d5 exd5 15.
cxd5 Bf5 16. Nc3 Bd6 17. O-O Qb4 18. Qxb4 Nxb4 19. a3 Na6 20. Bd3 Bxd3 21. Rxd3
Rfd8 22. Nd2 Nc7 23. Nc4 Bf8 24. a4 Ne6 25. d6 Nd4 26. Nb5 Ne2+ 27. Kh1 a6 28.
Nc7 Rab8 29. d7 b5 30. Ne5 Rb6 31. axb5 axb5 32. Ra1 Nf4 33. Ra8 Be7 34. Rd1 f6
35. g3 Nh3 36. Ng6 Nxf2+ 37. Kg1 Nxd1 38. Nxe7+ Kf7 39. Rxd8 Kxe7 40. Rg8 Kxd7
41. Rxg7+ Kc6 42. Ne6 Nxb2 43. Rg6 Kd5 44. Nf4+ Ke4 0-1

[Event "Schachbundesliga 2013/2014"]
[Site "?"]
[Date "2014.03.15"]
[Round "11.4"]
[White "Vallejo Pons, Francisco"]
[Black "Svane, Rasmus"]
[Result "1/2-1/2"]
[WhiteElo "2705"]
[BlackElo "2458"]
[PlyCount "117"]
[EventDate "2014.??.??"]
[WhiteClock "0:27:15"]
[BlackClock "0:07:51"]

1. e4 c6 2. Nc3 d5 3. Nf3 Bg4 4. d4 e6 5. h3 Bxf3 6. Qxf3 dxe4 7. Qxe4 Nf6 8.
Qd3 Nbd7 9. g3 Be7 10. Bg2 O-O 11. O-O Qc7 12. b3 Rad8 13. Bb2 c5 14. Qe2 cxd4
15. Nb5 d3 16. Qxd3 Qb6 17. Qe2 a6 18. Nd4 Bc5 19. Rad1 Nb8 20. Nf3 Nc6 21. Ne5
Nd4 22. Qc4 Nf5 23. Rxd8 Rxd8 24. Nd3 Be7 25. Re1 h6 26. Be5 Nd5 27. g4 Nd6 28.
Qc5 Qxc5 29. Nxc5 Rc8 30. Nxe6 fxe6 31. Bxd6 Bxd6 32. Rxe6 Nf4 33. Rxd6 Rxc2
34. a4 a5 35. Rd8+ Kf7 36. Rd7+ Kf6 37. Rxb7 g5 38. Rb6+ Ke5 39. Rb5+ Kd4 40.
Rxa5 Rc1+ 41. Kh2 Rc2 42. Bf1 Rxf2+ 43. Kg1 Rb2 44. Rb5 Ke3 45. Re5+ Kf3 46.
Re1 Rxb3 47. Ra1 Kg3 48. a5 Nxh3+ 49. Bxh3 Kxh3 50. a6 Rb8 51. a7 Ra8 52. Ra4
Kh4 53. Kg2 h5 54. gxh5+ Kxh5 55. Kf3 g4+ 56. Kg3 Kg5 57. Rxg4+ Kf5 58. Rg7 Ke5
59. Rh7 1/2-1/2

[Event "Schachbundesliga 2013/2014"]
[Site "?"]
[Date "2014.03.15"]
[Round "11.5"]
[White "Ftacnik, Lubomir"]
[Black "Movsesian, Sergei"]
[Result "1/2-1/2"]
[WhiteElo "2546"]
[BlackElo "2696"]
[PlyCount "51"]
[EventDate "2014.??.??"]
[WhiteClock "0:36:30"]
[BlackClock "0:21:06"]

1. d4 d5 2. c4 c6 3. e3 Bf5 4. cxd5 cxd5 5. Qb3 Bc8 6. Nc3 e6 7. Nf3 Nc6 8. Bb5
Nf6 9. Ne5 Bd7 10. O-O Bd6 11. f4 O-O 12. Bd2 Qe7 13. Bd3 Na5 14. Nxd5 Nxd5 15.
Bxa5 Bxe5 16. fxe5 Nxe3 17. Bxh7+ Kxh7 18. Qxe3 Bc6 19. Rf4 f5 20. exf6 Rxf6
21. Qh3+ Rh6 22. Qd3+ Kg8 23. Bd2 Rf6 24. Rxf6 Qxf6 25. Rf1 Qd8 26. Bc3 1/2-1/2

[Event "Schachbundesliga 2013/2014"]
[Site "?"]
[Date "2014.03.15"]
[Round "11.6"]
[White "Shirov, Alexei"]
[Black "Heinemann, Thies"]
[Result "1/2-1/2"]
[WhiteElo "2685"]
[BlackElo "2461"]
[PlyCount "122"]
[EventDate "2014.??.??"]
[WhiteClock "0:18:58"]
[BlackClock "0:12:22"]

1. e4 c5 2. Nf3 d6 3. d4 cxd4 4. Nxd4 Nf6 5. Nc3 a6 6. h3 e5 7. Nde2 h5 8. g3
Be6 9. Bg2 Nbd7 10. a4 Qc7 11. b3 Be7 12. Bg5 Rc8 13. O-O Nf8 14. a5 N8h7 15.
Be3 O-O 16. Qd2 Bd7 17. Bb6 Qb8 18. Na2 Bc6 19. Nec3 Bd8 20. Nb4 Bxb6 21. axb6
Rfd8 22. h4 Nf8 23. Bh3 Bd7 24. Bxd7 Rxd7 25. Nbd5 N8h7 26. Nc7 Rf8 27. b4 Qd8
28. b5 axb5 29. Rfb1 Qe7 30. Rxb5 Rb8 31. Rbb1 g6 32. Rd1 Rdd8 33. Qe3 Qd7 34.
Rd3 Qc6 35. Rb1 Kg7 36. Rb2 Nf8 37. f3 N8d7 38. N3d5 Nxd5 39. Nxd5 Qc5 40. Qxc5
Nxc5 41. Ra3 Ra8 42. Ra7 Rxa7 43. bxa7 Ra8 44. Ra2 Na6 45. Nb6 Rxa7 46. g4 g5
47. Kg2 Kg6 48. Kh3 hxg4+ 49. Kxg4 gxh4 50. Kxh4 f5 51. c3 fxe4 52. fxe4 Kf7
53. Kg5 Ke8 54. Nc8 Ra8 55. Nxd6+ Kd7 56. Rd2 Kc6 57. Nc4 Nc5 58. Nxe5+ Kc7 59.
Kf4 Rf8+ 60. Ke3 Re8 61. Rd5 b6 1/2-1/2

[Event "Schachbundesliga 2013/2014"]
[Site "?"]
[Date "2014.03.15"]
[Round "11.7"]
[White "Van Delft, Merijn"]
[Black "Nisipeanu, Liviu-Dieter"]
[Result "1/2-1/2"]
[WhiteElo "2425"]
[BlackElo "2674"]
[PlyCount "117"]
[EventDate "2014.??.??"]
[WhiteClock "0:02:07"]
[BlackClock "0:07:00"]

1. e4 c5 2. Nf3 e6 3. g3 Nc6 4. Bg2 Nf6 5. Nc3 d6 6. d4 cxd4 7. Nxd4 Bd7 8.
Ndb5 Qb8 9. Bg5 a6 10. Bxf6 gxf6 11. Nd4 h5 12. h4 Be7 13. Nde2 Qa7 14. Nf4 Ne5
15. O-O Rc8 16. Nce2 Bf8 17. c3 Ke7 18. Nd4 Bh6 19. Nxh5 Qc5 20. Nb3 Qb6 21.
Qd4 Qxd4 22. cxd4 Nc4 23. f4 Ne3 24. Rf3 Nxg2 25. Kxg2 Bf8 26. g4 f5 27. exf5
exf5 28. Re3+ Kd8 29. Nf6 Rc2+ 30. Kg3 Be7 31. Rxe7 Kxe7 32. g5 Rhc8 33. Re1+
Kd8 34. h5 Rxb2 35. Re3 Rcc2 36. h6 Rh2 37. Nc1 Rbg2+ 38. Kf3 Ba4 39. Re1 Bb5
40. d5 Rc2 41. Kg3 Rhg2+ 42. Kf3 Rcf2+ 43. Ke3 Rh2 44. a4 Bc4 45. h7 Rc2 46.
Kd4 Kc7 47. Re8 Rxc1 48. h8=Q Rd2+ 49. Ke3 Re2+ 50. Kd4 Rd2+ 51. Ke3 Rd3+ 52.
Kf2 Rc2+ 53. Ke1 Rc1+ 54. Kf2 Rc2+ 55. Ke1 Rc1+ 56. Kf2 Rd2+ 57. Ke3 Re2+ 58.
Kd4 Rd2+ 59. Ke3 1/2-1/2

[Event "Schachbundesliga 2013/2014"]
[Site "?"]
[Date "2014.03.15"]
[Round "11.8"]
[White "Gustafsson, Jan"]
[Black "Lampert, Jonas"]
[Result "1-0"]
[WhiteElo "2628"]
[BlackElo "2376"]
[PlyCount "121"]
[EventDate "2014.??.??"]
[WhiteClock "0:00:50"]
[BlackClock "0:11:37"]

1. d4 d5 2. c4 c6 3. Nc3 Nf6 4. cxd5 cxd5 5. Bf4 Nc6 6. e3 a6 7. Bd3 Bg4 8.
Nge2 e6 9. O-O Bd6 10. f3 Bh5 11. Rc1 Bg6 12. Na4 O-O 13. Nc5 Bxd3 14. Qxd3
Bxf4 15. Nxf4 Qe7 16. Rc3 Na5 17. b3 Nd7 18. Rfc1 Nxc5 19. Rxc5 Nc6 20. Qc3 Qd6
21. b4 h6 22. Nd3 Rab8 23. a4 Ne7 24. Qe1 Rfc8 25. Qg3 Qxg3 26. hxg3 Kf8 27. a5
Ke8 28. Kf2 Rxc5 29. Nxc5 Nf5 30. g4 Nd6 31. e4 dxe4 32. fxe4 Ke7 33. Ke3 Ne8
34. Rb1 Nc7 35. Rf1 f6 36. Rc1 Kd6 37. Na4 Nb5 38. Rc4 Na7 39. Kd3 Nc6 40. Kc3
Ne7 41. Rc5 Nc8 42. b5 axb5 43. Rxb5 Kc6 44. Rc5+ Kd7 45. Rb5 Kc6 46. Kb4 b6
47. d5+ exd5 48. exd5+ Kc7 49. d6+ Kc6 50. d7 Kxd7 51. Nxb6+ Nxb6 52. Rxb6 Re8
53. a6 Kc7 54. Rb7+ Kc6 55. Rxg7 Kb6 56. a7 Rc8 57. Rf7 Ka6 58. Rc7 Rg8 59. Kc5
Rd8 60. Rd7 Rg8 61. Kd6 1-0

[Event "Schachbundesliga 2013/2014"]
[Site "?"]
[Date "2014.03.15"]
[Round "11.2"]
[White "Dragun, Kamil"]
[Black "Schneider, Ilja"]
[Result "1-0"]
[WhiteElo "2547"]
[BlackElo "2514"]
[PlyCount "69"]
[EventDate "2014.??.??"]
[WhiteClock "0:01:14"]
[BlackClock "0:02:38"]

1. d4 d5 2. c4 c6 3. e3 Nf6 4. Nf3 Bf5 5. Nc3 e6 6. Nh4 Be4 7. f3 Bg6 8. Nxg6
hxg6 9. Qb3 Qc7 10. Bd2 Be7 11. O-O-O Nbd7 12. Kb1 dxc4 13. Bxc4 b5 14. Be2 a6
15. g4 c5 16. dxc5 Nxc5 17. Qc2 Rc8 18. h4 Qb7 19. a3 Nfd7 20. f4 Na4 21. g5
Bxa3 22. bxa3 b4 23. Bxa6 Nxc3+ 24. Bxc3 Qxa6 25. axb4 Nb6 26. Qd3 Qa3 27. Bb2
Qxb4 28. Qd4 Qb3 29. Rd3 Qc2+ 30. Ka1 Ra8+ 31. Ra3 Rxa3+ 32. Bxa3 Nd5 33. Rc1
Qb3 34. Qc5 Qb7 35. Qc8+ 1-0

[Event "Schachbundesliga 2013/2014"]
[Site "?"]
[Date "2014.03.15"]
[Round "11.3"]
[White "Maksimenko, Andrei"]
[Black "Rustemov, Alexander"]
[Result "0-1"]
[WhiteElo "2543"]
[BlackElo "2538"]
[PlyCount "64"]
[EventDate "2014.??.??"]
[WhiteClock "0:29:57"]
[BlackClock "0:01:51"]

1. d4 d5 2. c4 e6 3. Nc3 Be7 4. Qc2 dxc4 5. e3 c5 6. dxc5 Qa5 7. Bd2 Qxc5 8.
Ne4 Qc7 9. Bxc4 Nf6 10. Rc1 O-O 11. Nf3 Bd7 12. O-O Rc8 13. Bd3 Qxc2 14. Bxc2
Nc6 15. Rfd1 Be8 16. a3 Rd8 17. b4 Rac8 18. Bb1 b6 19. Nc3 a5 20. Na4 axb4 21.
axb4 b5 22. Nc5 Nd5 23. Nb7 Rd7 24. Na5 Ndxb4 25. Ne5 Rdc7 26. Nexc6 Nxc6 27.
Nb3 Ne5 28. Rxc7 Rxc7 29. Ba5 Rc8 30. Kf1 b4 31. Rc1 Rxc1+ 32. Nxc1 Nc4 0-1

[Event "Schachbundesliga 2013/2014"]
[Site "?"]
[Date "2014.03.15"]
[Round "11.4"]
[White "Appel, Ralf"]
[Black "Dann, Matthias"]
[Result "0-1"]
[WhiteElo "2535"]
[BlackElo "2450"]
[PlyCount "90"]
[EventDate "2014.??.??"]
[WhiteClock "0:43:24"]
[BlackClock "0:39:54"]

1. d4 Nf6 2. Nf3 g6 3. Bf4 Bg7 4. Nbd2 c5 5. e3 Nc6 6. c3 b6 7. e4 cxd4 8. cxd4
d6 9. Rc1 Nb8 10. Bb5+ Bd7 11. Be2 O-O 12. O-O a5 13. h3 Nc6 14. Be3 e6 15. Qb3
Qb8 16. a3 a4 17. Qd3 Na5 18. Bg5 h6 19. Bf4 Rd8 20. Qe3 Kh7 21. Nc4 Nxc4 22.
Bxc4 Qb7 23. e5 dxe5 24. Nxe5 Be8 25. Be2 Rac8 26. Nc4 Nd5 27. Qf3 Nxf4 28.
Qxb7 Nxe2+ 29. Kh1 Nxc1 30. Nd6 Rb8 31. Qc7 Nb3 32. Nxe8 Rxe8 33. Qxf7 Nxd4 34.
h4 h5 35. Rc1 Rbc8 36. Rc3 Nf5 37. g4 Rf8 38. Qd7 Rcd8 39. Qxe6 Rfe8 40. Qxb6
Rd1+ 41. Kg2 hxg4 42. Rc4 Nxh4+ 43. Kg3 Rg1+ 44. Kxh4 Re5 45. Rxg4 Rh5# 0-1

[Event "Schachbundesliga 2013/2014"]
[Site "?"]
[Date "2014.03.15"]
[Round "11.5"]
[White "Lauber, Arnd"]
[Black "Handke, Florian"]
[Result "0-1"]
[WhiteElo "2443"]
[BlackElo "2541"]
[PlyCount "73"]
[EventDate "2014.??.??"]
[WhiteClock "0:03:05"]
[BlackClock "0:51:00"]

1. d4 Nf6 2. c4 g6 3. Nc3 d5 4. cxd5 Nxd5 5. e4 Nxc3 6. bxc3 Bg7 7. Bc4 O-O 8.
Ne2 c5 9. O-O Nc6 10. Be3 Qc7 11. Rc1 b6 12. Qd2 Bb7 13. Bh6 Rad8 14. Bxg7 Kxg7
15. Qe3 e5 16. Bd5 Na5 17. Bxb7 Qxb7 18. f4 Nc4 19. Qd3 Nd6 20. Ng3 f5 21. dxe5
Nxe4 22. Qe3 Nxg3 23. hxg3 Rd5 24. g4 fxg4 25. f5 gxf5 26. Qg5+ Kh8 27. Rxf5
Rg8 28. Qf6+ Qg7 29. Qe6 Rd7 30. Rcf1 Re7 31. Qd6 g3 32. e6 Ree8 33. R5f3 Qg5
34. Re1 Rd8 35. Qc7 Qh4 36. Qe5+ Rg7 37. Qe3 0-1

[Event "Schachbundesliga 2013/2014"]
[Site "?"]
[Date "2014.03.15"]
[Round "11.6"]
[White "Hirneise, Tobias"]
[Black "Berndt, Stephan"]
[Result "1/2-1/2"]
[WhiteElo "2440"]
[BlackElo "2441"]
[PlyCount "84"]
[EventDate "2014.??.??"]
[WhiteClock "0:54:16"]
[BlackClock "0:43:21"]

1. d4 Nf6 2. c4 e6 3. Nc3 Bb4 4. Qc2 d6 5. Nf3 Nbd7 6. Bd2 O-O 7. a3 Bxc3 8.
Bxc3 Qe7 9. e3 b6 10. Be2 Bb7 11. b4 Ne4 12. Bb2 c5 13. dxc5 bxc5 14. O-O f5
15. b5 e5 16. Nd2 Nxd2 17. Qxd2 f4 18. f3 fxe3 19. Qxe3 Rf4 20. a4 Nf8 21. a5
Re8 22. Bd3 Ne6 23. g3 Qg5 24. a6 Ba8 25. Rae1 Ref8 26. Be2 R4f6 27. Bd1 Qh5
28. f4 Nxf4 29. Rxf4 Qh3 30. Qf2 exf4 31. Bxf6 gxf6 32. Re7 Kh8 33. Bf3 Qh6 34.
Bxa8 fxg3 35. hxg3 Rxa8 36. Qf3 Rg8 37. Rxa7 Re8 38. Ra8 Qc1+ 39. Kg2 Qd2+ 40.
Kh3 Qh6+ 41. Kg2 Qd2+ 42. Kh3 Qh6+ 1/2-1/2

[Event "Schachbundesliga 2013/2014"]
[Site "?"]
[Date "2014.03.15"]
[Round "11.7"]
[White "Abel, Dennes"]
[Black "Dinstuhl, Volkmar"]
[Result "1-0"]
[WhiteElo "2427"]
[BlackElo "2401"]
[PlyCount "119"]
[EventDate "2014.??.??"]
[WhiteClock "0:40:12"]
[BlackClock "0:25:56"]

1. b3 e5 2. Bb2 d6 3. e3 Nf6 4. Ne2 g6 5. d4 exd4 6. Nxd4 Bg7 7. c4 O-O 8. Nc3
d5 9. cxd5 Nxd5 10. Rc1 c6 11. Bc4 Nb6 12. Be2 N8d7 13. O-O Nf6 14. Ba3 Re8 15.
Bf3 Nbd5 16. Nxd5 Nxd5 17. Qd2 Qg5 18. Rfd1 Bg4 19. Bxg4 Qxg4 20. h3 Qh5 21.
Nf3 Rad8 22. Bb2 Bxb2 23. Qxb2 Nb4 24. Qf6 Rxd1+ 25. Rxd1 Nd5 26. Qd4 Nb6 27.
Qf6 Nd5 28. Qd4 Nb6 29. e4 Qb5 30. Qf6 Qe2 31. Rd8 Rxd8 32. Qxd8+ Kg7 33. Qd4+
Kg8 34. a4 Qa2 35. Qb4 c5 36. Qxc5 Qb1+ 37. Kh2 Qxe4 38. Qc7 Qd5 39. Qb8+ Kg7
40. Qxa7 Qd6+ 41. g3 Qc6 42. Ne5 Qc5 43. Nd3 Qc6 44. a5 Nd5 45. Qd4+ Kg8 46.
Nb4 Nxb4 47. Qxb4 Qf3 48. Qb6 h5 49. h4 Kh7 50. b4 Kg8 51. b5 Kh7 52. a6 bxa6
53. bxa6 Kg8 54. a7 Kh7 55. Qe3 Qb7 56. Qa3 Qa8 57. Qa6 Kg7 58. Kg1 Kg8 59. Qb6
Kh7 60. Qb8 1-0

[Event "Schachbundesliga 2013/2014"]
[Site "?"]
[Date "2014.03.15"]
[Round "11.8"]
[White "Thiel, Thomas"]
[Black "Thiede, Lars"]
[Result "1-0"]
[WhiteElo "2296"]
[BlackElo "2450"]
[PlyCount "137"]
[EventDate "2014.??.??"]
[WhiteClock "0:01:14"]
[BlackClock "0:05:36"]

1. e4 d6 2. d4 Nf6 3. Nc3 e5 4. Nf3 exd4 5. Nxd4 Be7 6. g3 O-O 7. Bg2 Nc6 8.
O-O Bg4 9. f3 Nxd4 10. Qxd4 Be6 11. Rd1 c5 12. Qf2 Qb6 13. b3 Rad8 14. Bb2 a6
15. h3 Qc7 16. f4 b5 17. f5 b4 18. fxe6 bxc3 19. Bxc3 fxe6 20. Qe2 c4 21. e5
dxe5 22. Bxe5 Bd6 23. Rxd6 Rxd6 24. Kh2 Rd2 25. Qxd2 Qxe5 26. Re1 Qf5 27. Qe2
cxb3 28. cxb3 Re8 29. Qxa6 e5 30. Qc4+ Kh8 31. Qb5 h5 32. Rf1 Qe6 33. Qc6 Qe7
34. Qb7 Qe6 35. Qc6 Qe7 36. Be4 Rd8 37. Rf2 Rd6 38. Qc8+ Rd8 39. Qf5 Rd4 40.
Rc2 Rd8 41. Re2 Qc5 42. Bf3 Rd1 43. Rg2 Rf1 44. Qd3 Re1 45. Qc2 Qb6 46. Qc6 Qe3
47. Bxh5 Rc1 48. Qa8+ Kh7 49. Be2 Qc3 50. Qa7 e4 51. Qf2 e3 52. Qf4 Qe1 53. g4
Qh1+ 54. Kg3 Qe1+ 55. Kf3 Qc3 56. g5 Qc6+ 57. Kg3 Ne4+ 58. Kh2 Qd6 59. Qxd6
Nxd6 60. Kg3 Kg6 61. Kf4 Rc5 62. h4 Rf5+ 63. Kxe3 Ra5 64. a4 Nf5+ 65. Kf4 Nxh4
66. Rh2 Nf5 67. Bd3 Rd5 68. Be4 Rc5 69. Rc2 1-0

[Event "Schachbundesliga 2013/2014"]
[Site "?"]
[Date "2014.03.15"]
[Round "11.1"]
[White "Rabiega, Robert"]
[Black "Landa, Konstantin"]
[Result "0-1"]
[WhiteElo "2507"]
[BlackElo "2640"]
[PlyCount "74"]
[EventDate "2014.??.??"]
[WhiteClock "0:04:01"]
[BlackClock "0:08:11"]

1. e4 c5 2. Nf3 Nc6 3. c3 d5 4. exd5 Qxd5 5. d4 Bf5 6. Be3 e6 7. Qb3 Nge7 8. c4
Qd8 9. dxc5 Qa5+ 10. Qc3 Nb4 11. Nd4 O-O-O 12. Na3 Nec6 13. Nb3 Qa4 14. Be2 Be7
15. Qxg7 Rhg8 16. Qh6 Rg6 17. Qh5 Rxg2 18. Kf1 Rg6 19. Nb5 Nc2 20. Nc3 Qa6 21.
Rc1 Nxe3+ 22. fxe3 Rg5 23. Qh6 Rdg8 24. h4 R5g6 25. Qf4 Bd3 26. Ke1 Bxe2 27.
Nb5 e5 28. Qf5+ Kb8 29. N3d4 Bg4 30. Nxc6+ Qxc6 31. Qxe5+ Bd6 32. cxd6 Qxh1+
33. Kd2 Qg2+ 34. Kc3 Bd7 35. Qc5 Bxb5 36. Qc7+ Ka8 37. cxb5 Qg3 0-1

[Event "Schachbundesliga 2013/2014"]
[Site "?"]
[Date "2014.03.15"]
[Round "11.2"]
[White "Fridman, Daniel"]
[Black "Stern, Rene"]
[Result "1-0"]
[WhiteElo "2602"]
[BlackElo "2513"]
[PlyCount "81"]
[EventDate "2014.??.??"]
[WhiteClock "0:00:56"]
[BlackClock "0:49:56"]

1. Nf3 d5 2. c4 e6 3. g3 Nf6 4. Bg2 Be7 5. O-O O-O 6. d4 dxc4 7. Qc2 a6 8. a4
Bd7 9. Qxc4 Bc6 10. Bg5 h6 11. Bxf6 Bxf6 12. Nc3 Bxf3 13. Bxf3 c6 14. e3 Nd7
15. b4 Nb6 16. Qb3 Nd5 17. Ne4 Be7 18. Nc5 Nxb4 19. Qxb4 b6 20. Bxc6 bxc5 21.
dxc5 Rb8 22. Qc4 Qa5 23. Rab1 Rxb1 24. Rxb1 Bxc5 25. Bg2 Be7 26. Bf1 Rd8 27.
Qxa6 Qf5 28. Qb5 Rd5 29. Qb2 h5 30. Qc1 Rc5 31. Rb8+ Kh7 32. Qd1 g6 33. Rb7 Rc2
34. Be2 Qc5 35. Kg2 Ra2 36. Bxh5 Kg7 37. Be2 Kf8 38. Kg1 Qa3 39. Qd4 Kg8 40.
Bf1 Ra1 41. Rxe7 1-0

[Event "Schachbundesliga 2013/2014"]
[Site "?"]
[Date "2014.03.15"]
[Round "11.3"]
[White "Richter, Michael"]
[Black "Tregubov, Pavel V"]
[Result "0-1"]
[WhiteElo "2473"]
[BlackElo "2606"]
[PlyCount "94"]
[EventDate "2014.??.??"]
[WhiteClock "0:41:09"]
[BlackClock "0:12:41"]

1. d4 Nf6 2. Nf3 c5 3. e3 g6 4. dxc5 Bg7 5. c3 a5 6. Na3 O-O 7. Qd4 Na6 8. Nb5
b6 9. cxb6 Bb7 10. Qh4 Qxb6 11. Be2 Nc5 12. O-O h6 13. Nfd4 e5 14. Nb3 Nce4 15.
a4 Qe6 16. c4 g5 17. Qh3 g4 18. Qh4 Rfc8 19. f3 gxf3 20. gxf3 Nd6 21. e4 Nxc4
22. Kh1 Nh7 23. Bxc4 Rxc4 24. Be3 Qf6 25. Qxf6 Nxf6 26. Bd2 Rc2 27. Nd6 Ba6 28.
Rf2 Rb8 29. Nb5 Bxb5 30. axb5 Rxb5 31. Nxa5 Rbxb2 32. Rd1 Kh7 33. Kg1 d5 34.
exd5 Nxd5 35. Be1 Rxf2 36. Bxf2 Nf4 37. Be3 Nh3+ 38. Kh1 Nf2+ 39. Bxf2 Rxf2 40.
Rd3 Rc2 41. Nb3 Bf6 42. f4 e4 43. Re3 Rc3 44. Rxc3 Bxc3 45. Nc1 Kg6 46. Ne2 Be1
47. Kg2 Kf5 0-1

[Event "Schachbundesliga 2013/2014"]
[Site "?"]
[Date "2014.03.15"]
[Round "11.4"]
[White "Berelowitsch, Alexander"]
[Black "Muse, Mladen"]
[Result "1-0"]
[WhiteElo "2540"]
[BlackElo "2424"]
[PlyCount "113"]
[EventDate "2014.??.??"]
[WhiteClock "0:25:46"]
[BlackClock "0:22:39"]

1. e4 d5 2. exd5 Qxd5 3. Nc3 Qd6 4. d4 Nf6 5. Nf3 a6 6. g3 Bg4 7. Bg2 Nc6 8.
O-O O-O-O 9. h3 Bh5 10. g4 Bg6 11. Be3 e6 12. Qe2 h5 13. g5 Nd5 14. Nh4 Bh7 15.
g6 Nf4 16. Bxf4 Qxf4 17. Bxc6 Qxh4 18. gxh7 bxc6 19. Qxa6+ Kd7 20. Qd3 Bd6 21.
Ne4 Ke7 22. Rae1 Qf4 23. Nxd6 Rxd6 24. Re4 Qf5 25. Re3 Qf4 26. c3 Qh6 27. f4 g6
28. a4 Qxh7 29. a5 Qg7 30. b4 Qf6 31. Re5 Rg8 32. Qg3 Kd7 33. a6 Ra8 34. Ra1
Rd5 35. Qg5 Qh8 36. a7 Kc8 37. Qe7 Rd7 38. Qc5 Rd6 39. Ra6 Qf6 40. Rxc6 Rxc6
41. Qxc6 Rxa7 42. Qe8+ Qd8 43. Qxf7 Ra1+ 44. Kg2 Ra6 45. Qxg6 Qd7 46. b5 Ra2+
47. Kg3 Ra3 48. Qxe6 Rxc3+ 49. Kh4 Qxe6 50. Rxe6 Rd3 51. f5 Rxd4+ 52. Kxh5 Kd7
53. b6 cxb6 54. Rxb6 Rd3 55. Re6 Rxh3+ 56. Kg6 Rh2 57. Re1 1-0

[Event "Schachbundesliga 2013/2014"]
[Site "?"]
[Date "2014.03.15"]
[Round "11.5"]
[White "Von Herman, Ulf"]
[Black "Hausrath, Daniel"]
[Result "0-1"]
[WhiteElo "2391"]
[BlackElo "2532"]
[PlyCount "84"]
[EventDate "2014.??.??"]
[WhiteClock "0:01:38"]
[BlackClock "0:03:10"]

1. c4 c5 2. g3 g6 3. Bg2 Bg7 4. Nc3 Nc6 5. Nf3 d6 6. O-O Nh6 7. b3 Nf5 8. Bb2
h5 9. e3 h4 10. Qb1 h3 11. Bh1 Qd7 12. Ne2 e5 13. d4 cxd4 14. exd4 O-O 15. d5
Nce7 16. Nc3 b6 17. Qd3 Nh6 18. Qe2 Qd8 19. a4 Bg4 20. Qd2 f6 21. Ne1 Nf7 22.
Nd3 Ng5 23. f4 Nf7 24. Nb4 Qd7 25. Nc6 Rae8 26. a5 Nc8 27. axb6 axb6 28. Rae1
f5 29. Nd1 Bxd1 30. Qxd1 e4 31. Bxg7 Kxg7 32. Re3 Nh6 33. b4 Ng4 34. Ra3 Kh6
35. b5 Qg7 36. Qe2 Ne7 37. Rd1 Nxc6 38. dxc6 Ra8 39. Rxa8 Rxa8 40. c5 Ra1 41.
Qd2 Rxd1+ 42. Qxd1 Qb2 0-1

[Event "Schachbundesliga 2013/2014"]
[Site "?"]
[Date "2014.03.15"]
[Round "11.6"]
[White "Feygin, Michael"]
[Black "Sarbok, Torsten"]
[Result "0-1"]
[WhiteElo "2512"]
[BlackElo "2367"]
[PlyCount "102"]
[EventDate "2014.??.??"]
[WhiteClock "0:35:11"]
[BlackClock "0:32:16"]

1. e4 c6 2. d4 d5 3. e5 Bf5 4. Nf3 e6 5. Be2 h6 6. O-O Ne7 7. Nbd2 Nd7 8. Nb3
a6 9. a4 Bh7 10. a5 Nf5 11. c4 dxc4 12. Bxc4 Ne7 13. Bd2 Nd5 14. Rc1 Be7 15.
Ne1 O-O 16. Bd3 c5 17. Qg4 Kh8 18. Bxh7 Kxh7 19. Qe4+ Kh8 20. dxc5 Rc8 21. Nd3
Nb8 22. Rfd1 Nc6 23. Be1 Qc7 24. f4 Rfd8 25. Bd2 Rd7 26. Qe1 Rcd8 27. Nf2 f5
28. Qe2 Kh7 29. Qf3 Bf8 30. Be1 g5 31. fxg5 Nxe5 32. Qg3 hxg5 33. Nd4 Nf4 34.
Nh3 Rxd4 35. Nxg5+ Kh8 36. Qh4+ Kg8 37. Rxd4 Rxd4 38. Kh1 Neg6 39. Qg3 Rd3 40.
Nxe6 Qc6 41. Nxf4 Rxg3 42. Bxg3 Nxf4 43. Bxf4 Qe4 44. Bd2 Bg7 45. b4 Qd4 46.
Bg5 Qxb4 47. h4 Bh6 48. c6 bxc6 49. Rxc6 Bxg5 50. hxg5 Qxa5 51. Rf6 Kg7 0-1

[Event "Schachbundesliga 2013/2014"]
[Site "?"]
[Date "2014.03.15"]
[Round "11.7"]
[White "Muse, Drazen"]
[Black "Levin, Felix"]
[Result "1/2-1/2"]
[WhiteElo "2408"]
[BlackElo "2480"]
[PlyCount "122"]
[EventDate "2014.??.??"]
[WhiteClock "0:27:44"]
[BlackClock "0:10:57"]

1. a3 d5 2. Nf3 Bg4 3. e3 Nd7 4. h3 Bh5 5. Be2 e6 6. b4 a5 7. b5 h6 8. Bb2 Ngf6
9. Ne5 Bxe2 10. Qxe2 Nxe5 11. Bxe5 Bd6 12. Bxf6 Qxf6 13. Nc3 O-O 14. O-O Qe7
15. a4 f5 16. f4 g5 17. Qh5 Qg7 18. Ne2 Rf6 19. c3 Kh7 20. fxg5 Qxg5 21. Qxg5
hxg5 22. c4 dxc4 23. Rac1 Kg6 24. Rxc4 Rd8 25. Nd4 e5 26. Nb3 b6 27. Kf2 e4 28.
Ke2 Bg3 29. Nd4 Rd5 30. Rfc1 f4 31. Rf1 fxe3 32. Rxf6+ Kxf6 33. dxe3 Rd8 34.
Nb3 Re8 35. Nd2 Kf5 36. Nf1 Bd6 37. g4+ Ke5 38. Ng3 Rh8 39. Nxe4 Rxh3 40. Nxg5
Rh2+ 41. Kd3 Ra2 42. Nf3+ Kd5 43. Rd4+ Ke6 44. Ng5+ Ke7 45. Rc4 Ra3+ 46. Ke4
Bc5 47. Kf5 Rxe3 48. Re4+ Kd6 49. Rxe3 Bxe3 50. Ne4+ Kd5 51. Nf6+ Kc4 52. Ke6
Kb3 53. Kd5 Kxa4 54. Kc4 Ka3 55. Nd5 Bd2 56. Nxc7 a4 57. Nd5 Kb2 58. Nxb6 a3
59. Na4+ Kc2 60. Nc5 a2 61. Nb3 Be3 1/2-1/2

[Event "Schachbundesliga 2013/2014"]
[Site "?"]
[Date "2014.03.15"]
[Round "11.8"]
[White "Saltaev, Mihail"]
[Black "Breier, Andreas"]
[Result "1-0"]
[WhiteElo "2480"]
[BlackElo "2387"]
[PlyCount "79"]
[EventDate "2014.??.??"]
[WhiteClock "0:14:40"]
[BlackClock "0:15:10"]

1. e4 c5 2. Nf3 d6 3. d4 cxd4 4. Nxd4 Nf6 5. Nc3 a6 6. g3 e5 7. Nb3 Bg4 8. Qd3
Qc7 9. Bg2 Be6 10. Nd5 Nxd5 11. exd5 Bd7 12. Be3 Bb5 13. Qd2 a5 14. a4 Bc4 15.
Qc3 Nd7 16. Nd2 Rc8 17. Nxc4 Qxc4 18. Qxa5 Be7 19. Rc1 O-O 20. b3 Qg4 21. Qb5
Rc7 22. O-O f5 23. f4 e4 24. Rf2 Qh5 25. Bf1 Nf6 26. Be2 Qf7 27. c4 h5 28. h3
Qg6 29. Rg2 h4 30. Kh2 Nh5 31. gxh4 Qh6 32. Rcg1 Bxh4 33. Rg6 Qh7 34. Qb6 Rd7
35. c5 Bd8 36. Qb5 Rff7 37. c6 Rde7 38. Bxh5 Qxh5 39. cxb7 Rxb7 40. Qe8+ 1-0

[Event "Schachbundesliga 2013/2014"]
[Site "?"]
[Date "2014.03.16"]
[Round "12.1"]
[White "Piorun, Kacper"]
[Black "Balogh, Csaba"]
[Result "1/2-1/2"]
[WhiteElo "2551"]
[BlackElo "2632"]
[PlyCount "43"]
[EventDate "2014.??.??"]
[WhiteClock "0:39:14"]
[BlackClock "0:23:23"]

1. e4 e5 2. Nf3 Nc6 3. Bb5 Nf6 4. d3 Bc5 5. c3 O-O 6. O-O Re8 7. Nbd2 a6 8. Ba4
b5 9. Bb3 d6 10. Re1 Be6 11. Bxe6 Rxe6 12. Nb3 Bb6 13. h3 d5 14. Qe2 Qd7 15.
Bg5 h6 16. Bxf6 Rxf6 17. exd5 Qxd5 18. c4 Qd6 19. Rac1 bxc4 20. dxc4 Nd4 21.
Nfxd4 Bxd4 22. Nxd4 1/2-1/2

[Event "Schachbundesliga 2013/2014"]
[Site "?"]
[Date "2014.03.16"]
[Round "12.2"]
[White "Tiviakov, Sergei"]
[Black "Tazbir, Marcin"]
[Result "1-0"]
[WhiteElo "2652"]
[BlackElo "2544"]
[PlyCount "165"]
[EventDate "2014.??.??"]
[WhiteClock "0:07:16"]
[BlackClock "0:07:01"]

1. e4 c5 2. Nf3 d6 3. Bb5+ Nc6 4. O-O Bd7 5. Re1 a6 6. Bxc6 Bxc6 7. d4 cxd4 8.
Nxd4 Bd7 9. c4 Nf6 10. Nc3 Rc8 11. Qe2 Qc7 12. b3 e5 13. Nf5 Qc6 14. Bg5 Nxe4
15. Qxe4 Qxe4 16. Nxg7+ Bxg7 17. Nxe4 O-O 18. Rad1 Rc6 19. Bf6 Be6 20. Bxg7
Kxg7 21. Nxd6 b5 22. cxb5 axb5 23. Nxb5 Rc5 24. Nd6 Ra8 25. b4 Rc2 26. Rxe5
Raxa2 27. Ne4 Rab2 28. b5 Re2 29. h4 h6 30. Rd4 Ba2 31. Rc5 Be6 32. Kh2 Rb3 33.
Rc7 Rbb2 34. Rc3 Bf5 35. Rg3+ Kf8 36. Nf6 Rxf2 37. Ng8 Ke8 38. Nxh6 Be6 39. Rg5
f6 40. Rg7 Kf8 41. Rg3 Rxb5 42. Ng4 Rf1 43. Ne3 Rfb1 44. Rf4 R1b4 45. Rxf6+ Ke7
46. Rh6 Re4 47. Rf3 Rbe5 48. Nf1 Ra4 49. Rh7+ Kd6 50. Rd3+ Kc5 51. Nd2 Re2 52.
Nf3 Rg4 53. Rh5+ Kb6 54. Kh1 Bf7 55. Rf5 Bg6 56. Rb3+ Kc7 57. Rc5+ Kd8 58. Rb8+
Ke7 59. Rb7+ Kf8 60. Rc8+ Be8 61. Rbb8 Rg6 62. Ng5 Rh6 63. Rc4 Kg7 64. Rb7+ Kg8
65. Rg4 Rg6 66. Kh2 Bc6 67. Rc7 Be8 68. Re4 Rxe4 69. Nxe4 Re6 70. Ng5 Re2 71.
Kh3 Ra2 72. Ne4 Kf8 73. g4 Ra3+ 74. Ng3 Rd3 75. h5 Bd7 76. Rc4 Kg7 77. Kh4 Rd5
78. Rf4 Ra5 79. Rd4 Be6 80. Ne4 Bc8 81. Rc4 Be6 82. Rc7+ Kf8 83. h6 1-0